000 00600cam a22002173a 4500
001 39662
003 PGUSA
005 20140828083900.0
008 120510s2012||||xxu|||||s|||||000 | eng d
040 _aPGUSA
_beng
042 _adc
100 1 _aMolesworth,
_cMrs,
_d1839-1921
245 1 4 _aThe Magic Nuts
_h[electronic resource] /
_cMolesworth,
260 _bProject Gutenberg,
_c2012
506 _aPublic domain in the USA.
516 _aElectronic text
700 1 _aPitman, Rosie M. M.
830 0 _aProject Gutenberg
_v39662
856 4 0 _uhttp://www.gutenberg.org/ebooks/39662
942 _cEB
999 _c268915
_d268915